ロード中...
Educational Psychology: the principles of learning in teaching
| 第一著者: | |
|---|---|
| フォーマット: | Printed Book |
| 言語: | Undetermined English |
| 出版事項: |
Newyork
Mc Graw- Hill Book Company Inc
1961
|
| 主題: |
| LEADER | 00713nam a2200205Ia 4500 | ||
|---|---|---|---|
| 008 | 140306s9999 xx 000 0 und d | ||
| 041 | |a eng | ||
| 082 | |a 370.15 |b FRA | ||
| 100 | |a Frandsen, Arden N | ||
| 245 | |a Educational Psychology: the principles of learning in teaching | ||
| 260 | |a Newyork |b Mc Graw- Hill Book Company Inc |c 1961 | ||
| 300 | |a 610 | ||
| 440 | |v Mc Graw Hill series in education | ||
| 650 | |a Fostering mental health | ||
| 650 | |a Mental health | ||
| 650 | |a Remembering-forgetting | ||
| 650 | |a Teaching-learning | ||
| 942 | |2 ddc |c BK | ||
| 999 | |c 51515 |d 51515 | ||
| 952 | |0 0 |1 0 |2 ddc |4 0 |6 370_150000000000000_FRA |7 0 |9 67839 |a KAUACV |b KAUACV |d 2004-05-04 |o 370.15 FRA |p KAU_ACV-4239 |r 2014-03-22 |w 2014-03-22 |y BK | ||